• 首页
  • 本馆介绍
  • 公告通知
  • 最新文献
  • 馆藏检索
  • 电子资源
  • 读者导购
  • 参考咨询
  • 我的图书馆
  • 登录
  • 详细信息显示
  • 放入我的书架
  • 预约/预借图书
  • 作者相关作品
  • 分类相关作品
  • 丛书相关作品
  • 出版社相关作品

书目信息

  • 表格格式
  • 工作单格式
  • 卡片格式
题名:
人生智慧
    
 
作者: 王慧川 主编
分册:  
出版信息: 北京   中国致公出版社  2002
页数: 253页
开本: 21cm
丛书名:
单 册:
中图分类: I247.8 , B821
科图分类:
主题词: 历史故事 , 历史故事--中国--现代--选集 , 人生观
电子资源:
ISBN: 7-80179-001-4
000 00943nam0 2200277 450
001 0937444734
005 20121022122515.06
010    @a7-80179-001-4@dCNY15.00
100    @a20020319d2002 em y0chiy0110 ea
101 0  @achi
102    @aCN@b110000
105    @aa z 000yd
106    @ar
200 1  @a人生智慧@Aren sheng zhi hui@e历史故事中的人生哲理丛书@f王慧川主编
210    @a北京@c中国致公出版社@d2002
215    @a253页@c插图@d21cm
330    @a本书选编了“三万卷书”、“庞统自取其辱”、“王处仲戒色”、“田文之悲”、“鸡肋”、“一鸣惊人”等若干个历史故事,从中告诉人们许多人生的智慧。
517 1  @a历史故事中的人生哲理丛书@Ali shi gu shi zhong de ren sheng zhe li cong shu
606 0  @a历史故事
606 0  @a历史故事@y中国@z现代@j选集
606 0  @a人生观
690    @aI247.8@v4
690    @aB821@v4
701  0 @a王慧川@Awang hui chuan@4主编
801  0 @aCN@bNLC@c20020326
905    @a10447@dB821@eJY63
    
    人生智慧:历史故事中的人生哲理丛书/王慧川主编 .-北京:中国致公出版社,2002
    253页:插图;21cm
    
    
    ISBN 7-80179-001-4:CNY15.00
    本书选编了“三万卷书”、“庞统自取其辱”、“王处仲戒色”、“田文之悲”、“鸡肋”、“一鸣惊人”等若干个历史故事,从中告诉人们许多人生的智慧。
●
相关链接 在E读中查询图书 在五车中查询图书 在当当中查询图书 在豆瓣中查询图书


正题名:人生智慧     索取号:B821/JY63         预约/预借

序号 登录号 条形码 馆藏地/架位号 状态 备注
1 7820269   278202696   学院路分馆/ [索取号:B821/JY63] 在馆    
2 7820270   278202703   学院路分馆/ [索取号:B821/JY63] 在馆    
唐山师范学院图书馆 欢迎您!
大连网信软件有限公司© 版权所有